Most first class centuries by Australian batsmen - Statistics

General Stats
  • This quiz has been taken 15 times
  • The average score is 15 of 27
Answer Stats
Number Years Active Answer % Correct
117 1927 - 1949 Don Bradman
100%
81 1985 - 2004 Mark Waugh
100%
79 1984 - 2004 Steve Waugh
100%
82 1992 - 2013 Ricky Ponting
93%
86 1991 - 2009 Justin Langer
87%
79 1991 - 2009 Matthew Hayden
87%
70 1976 - 1996 Alan Border
80%
74 1966 - 1984 Greg Chappell
80%
59 1961 - 1980 Ian Chappell
80%
68 1978 - 1999 David Boon
73%
61 1994 - 2013 Mike Hussey
67%
50 1955 - 1972 Bill Lawry
60%
51 1993 -2010 Brad Hodge
60%
79 1988 - 2009 Stuart Law
60%
60 1952 - 1978 Bob Simpson
53%
55 1981 - 1998 Dean Jones
53%
82 1987 - 2008 Darren Lehmann
47%
68 1989 - 2007 Michael Bevan
47%
76 1998 - 2016 Chris Rogers
33%
67 1946 - 1963 Neil Harvey
33%
50 1992 - 2008 Matthew Elliott
27%
58 1996 - 2013 Simon Katich
27%
64 1985 - 2001 Tom Moody
27%
51 1987 - 2006 Jamie Cox
20%
60 1991 - 2012 Michael Di Venuto
20%
59 1932 - 1954 Lindsay Hassett
7%
53 1903 -1927 Warren Bardsley
7%
No matching quizzes found
Score Distribution
Percent of People with Each Score
Percentile by Number Answered
Your Score History
You have not taken this quiz